Kanz al-ḥuffāẓ fī kitāb Tahdhīb al-alfāẓ /

Saved in:

Main Author: Ibn al-Sikkīt, -857 or 858 (Author)

Other Authors: Tibrīzī, Yaḥyá ibn ʻAlī, -1109., Cheïkho, Louis, 1859-1927.

Format: Book

Language: Arabic

Published: Bayrūt : al-Maṭbaʻah al-Kāthūlīkīyah lil-Abāʻ al-Yasuʻīyīn, 1895.

Subjects:

Tags: Add Tag

No Tags, Be the first to tag this record!

Call Number: PJ6190 .I2 1895

LEADER 02228nam a2200313Ia 4500
003 OSt
005 20230927110359.0
008 130303s1895 le h b 001 0 ara d
952 |0 0  |1 0  |2 lcc  |4 0  |6 PJ6190 I2 01895  |7 1  |9 50261  |a ARCE  |b ARCE  |d 2023-09-27  |l 0  |o PJ6190 .I2 1895  |p 1029605  |r 2023-09-27 00:00:00  |w 2023-09-27  |y BK 
999 |c 30416  |d 30416 
010 |a ne 68003142 
040 |c ARCE Library 
050 4 |a PJ6190 .I2 1895 
100 0 |6 880-01  |a Ibn al-Sikkīt,  |d -857 or 858,  |e author 
245 1 0 |6 880-02  |a Kanz al-ḥuffāẓ fī kitāb Tahdhīb al-alfāẓ /   |c li-Abī Yūsuf Yaʻqūb ibn Isḥāq al-Sikkīt ; hadhdhabahu al-shaykh Abū Zakarīyā Yaḥyá ibn ʻAlī al-Khaṭīb al-Tibrīzī, naqlan ʻan nuskhatay Laydin wa-Bārīs ; waqafa ʻalá ṭabʻihi wa-ḍabṭihi wa-jamʻ riwāyātihi al-abb Luwīs Shīkhū al-Yasūʻī. 
246 1 |a La Critique du Langage. 
264 1 |a Bayrūt :   |b al-Maṭbaʻah al-Kāthūlīkīyah lil-Abāʻ al-Yasuʻīyīn,   |c 1895. 
300 |a 15, 940, iv pages :   |b facsimiles ;   |c 25 cm. 
500 |a Includes errata pages. 
504 |a Includes bibliographical references and indexes. 
650 0 |a Arabic language  |x Synonyms and antonyms. 
650 0 |a Arabic language  |x Terms and phrases. 
700 1 |a Tibrīzī, Yaḥyá ibn ʻAlī,  |d -1109.  |9 41118 
700 1 |a Cheïkho, Louis,  |d 1859-1927. 
740 0 |a Tahdhīb al-alfāẓ. 
880 0 |6 100-01/(3/r  |a ابن السكيت،‪‪‪‪‪‪‪‪‪‪‪‪‪‪‪‪‪‪‪‪‪‪‪‪‪‪‪‪‪‪‪‪‪‪‪‪‪‪‪‪‪‪‪‪‪‪‪‪‪‪‪‪‪‪‪‪‪‪‪  |d -857 أو 858.‪‪‪‪‪‪‪‪‪‪‪‪‪‪‪‪‪‪‪‪‪‪‪‪‪‪‪‪‪‪‪‪‪‪‪‪‪‪‪‪‪‪‪‪‪‪‪‪‪‪‪‪‪‪‪‪‪‪‪ 
880 1 0 |6 245-02/(3/r  |a كنز الحفاظ في كتاب تهذيب الألفاظ   |c لأبي يوسف يعقوب بن اسحاق السكيت ؛ هذبه الشيخ أبو زكريا يحيى بن علي الخطيب التبريزي, نقلًا عن نسختي ليدن وباريس ؛ وقف على طبعه وضبطه وجمع رواياته الأب لويس شيخو اليسوعي 
901 |a reviewed 
942 |c BK  |2 lcc